| 000 | 01163nam a2200265 i 4500 | ||
|---|---|---|---|
| 001 | 190355 | ||
| 003 | SpMaBN | ||
| 005 | 20250829125400.0 | ||
| 008 | 201111s1977 sp |||| | spa d | ||
| 080 | _a37.01:378(043.2) | ||
| 080 | _a378:37.01(043.2) | ||
| 100 | 1 |
_aBenedito Antolí, Vicente. _9170752 |
|
| 245 | 1 | 0 |
_aParadigma logístico-metodológico de enseñanza universitaria en ciencias de la educación / _cVicente Benedito Antolí. |
| 260 |
_aBarcelona : _bUniversidad de Barcelona, [Facultad de Filosofía y Ciencias de la Educación], _c1977. |
||
| 300 |
_a22 p. ; _c25 cm. |
||
| 500 | _aReferencias bibliográficas. | ||
| 502 | _aTesis-Univ. Barcelona (Extracto) | ||
| 594 | _aPrecede al tít.: Universidad de Barcelona. Secretariado de Publicaciones, Intercambio Científico y Extensión Universitaria. | ||
| 650 | 7 |
_aPedagogía- _xEstudio y enseñanza _2 _9170753 |
|
| 655 |
_aTesis y escritos académicos _9226867 |
||
| 710 | 2 |
_aUniversidad de Barcelona. _bFacultad de Filosofía y Ciencias de la Educación. _9174511 |
|
| 852 | 4 |
_aES-MaACL _jP-1415 (107) _9197563 _bR.68610 _cDEPO2 |
|
| 942 | _2udc | ||
| 999 |
_c190355 _d190355 |
||